Anuario Colegio Rubén Castro 1997

שמור ב:
מידע ביבליוגרפי
מחבר תאגידי: Colegio Rubén Castro (Author)
פורמט: ספר
שפה:ספרדית
יצא לאור: Viña del Mar Colegio Rubén Castro 1997
מהדורה:1a. ed
נושאים:
תגים: הוספת תג
אין תגיות, היה/י הראשונ/ה לתייג את הרשומה!

MARC

LEADER 00000cam a2200000 a 4500
001 UCH7324
003 CL-VaPUC
008 091109e19970000CL |||||||||||||||||spa|d
082 0 4 |a 371.2  |b COL  |2 21 
110 2 |a Colegio Rubén Castro  |e author  |9 543754 
245 1 0 |a Anuario Colegio Rubén Castro 1997 
250 |a 1a. ed 
300 |a 66 p 
942 |c BK 
945 |d 20091109 00:00:00  |a lazolas 
260 |a Viña del Mar  |b Colegio Rubén Castro  |c 1997 
500 |a Redacción y Dirección General: Yasmin Díaz Saldes y Ulises Vera Araya 
500 |a Asesoría y Colaboración: Pámela Fernández de la Reguera Spencer, Alex Montenegro Celedón, Alejandro Osses Toro, Nelson Muente Escobar, José Fernández Campos 
500 |a Contiene textos relativos a la historia del colegio y a las actividades desarrolladas por la comunidad escolar durante el año 1997 
500 |a Incluye fotografías y semblanzas de los alumnos graduados de ambos cuartos medios 
650 0 |a Anuarios  |9 258977 
650 0 |a Educación básica   |9 224933 
650 7 |a COMUNIDAD ESCOLAR  |2 CL-VaPUC  |9 543755 
650 7 |a MENSAJES  |2 CL-VaPUC  |9 335531 
650 0 |a Entrevistas  |9 265537 
650 7 |a REPORTAJES  |2 CL-VaPUC  |9 379680 
583 |a last modification  |c 20170623 04:49:44  |k Rodrigo Vera 
999 |c 337976  |d 337974